000 00688nam a2200253Ia 4500
003 OSt
005 20221007110101.0
006 a|||||r|||| 00| 0
007 ta
008 221006b |||||||| |||| 00| 0 eng d
024 _a20,325
037 _cTextual
040 _aLCO
_cLCO
_beng
041 _2eng
_aeng
082 _aZ2,12(Q7), M6
100 _aSiddiqi Muhammad Iqbal
_9150300
245 0 _aFamily Laws of Islam
250 _a1st
260 _aNew
_bDelhi International Islamic Publishers India
_c1986
300 _a278
650 _aFAMILY LAWS OF ISLAM
_9707094
942 _hZ2,12(Q7), M6
_cTEXL
999 _c1189888
_d1189888